[Event "Palafrugell Gelpi Memorial 30th"]
[Site "Palafrugell"]
[Date "2017.10.07"]
[Round "3"]
[White "Parramon Ros, Francesco"]
[Black "Carmona Robles, Carlos"]
[Result "1-0"]
[WhiteElo "2068"]
[BlackElo "1872"]
[PlyCount "151"]
[EventDate "2017.09.23"]
[EventType "swiss"]
[EventRounds "9"]
[EventCountry "ESP"]
[SourceTitle "CBM 187 Extra"]
[Source "ChessBase"]
[SourceDate "2018.11.04"]
[SourceVersion "1"]
[SourceVersionDate "2018.11.04"]
[SourceQuality "1"]

1. d4 Nf6 2. Nf3 g6 3. Bf4 Bg7 4. e3 d6 5. Be2 0-0 6. h3 c5 7. c3 b6 8. 0-0 Bb7 9. a4 a6 10. Nbd2 Nbd7 11. Bh2 cxd4 12. exd4 Rc8 13. Re1 Re8 14. Bc4 Rc7 15. Qb3 Rxc4 16. Qxc4 Qa8 17. Qd3 Bh6 18. c4 Bxd2 19. Nxd2 d5 20. f3 dxc4 21. Nxc4 Nd5 22. Ne5 Nxe5 23. Bxe5 a5 24. Rac1 Ba6 25. Qd2 Qd8 26. Re4 f6 27. Bg3 Qd7 28. Qh6 Bd3 29. Ree1 Qxa4 30. Bf2 Qb3 31. Qd2 Ba6 32. h4 Qd3 33. Qxd3 Bxd3 34. Red1 Be2 35. Rd2 Bb5 36. Rdc2 Ba6 37. Bg3 Bd3 38. Rc8 Rxc8 39. Rxc8+ Kf7 40. Kf2 b5 41. Ra8 a4 42. Ke1 Nb6 43. Ra7 Nd5 44. Kd2 Bf1 45. Rb7 Ke6 46. Bf2 h5 47. g3 Kf7 48. Be3 Bc4 49. Bh6 Ke6 50. Ke1 Kf7 51. Bd2 Ke6 52. Ba5 Kf7 53. Bb6 Ke6 54. Bc5 Kf7 55. Kf2 Bd3 56. g4 f5 57. gxh5 gxh5 58. Rb8 Kg7 59. Re8 Kf7 60. Rh8 Kg6 61. Rg8+ Kh6 62. Rg1 f4 63. Re1 Kg6 64. Bxe7 Bc4 65. Bd6 Kf6 66. Re5 Kg6 67. Re6+ Kf5 68. Rh6 Nf6 69. Be5 Ng4+ 70. fxg4+ hxg4 71. Rf6+ Ke4 72. Rxf4+ Kd3 73. Rxg4 Kc2 74. d5 Bxd5 75. Rb4 Bc4 76. Rxc4+ 1-0